<?xml version="1.0" encoding="UTF-8"?>
<collection xmlns="http://www.loc.gov/MARC21/slim">
    <record>
        <controlfield tag="001">64581</controlfield>
        <controlfield tag="005">20180207125351.0</controlfield>
        <datafield tag="037" ind1=" " ind2=" ">
            <subfield code="a">TAZ-TFM-2017-1437</subfield>
        </datafield>
        <datafield tag="041" ind1=" " ind2=" ">
            <subfield code="a">spa</subfield>
        </datafield>
        <datafield tag="100" ind1="1" ind2=" ">
            <subfield code="a">Sanz Remacha, María</subfield>
        </datafield>
        <datafield tag="242" ind1="0" ind2="0">
            <subfield code="a">Perceived barriers in the practise of the physical activity: an instrumental case study in disadvantaged population</subfield>
        </datafield>
        <datafield tag="245" ind1="0" ind2="0">
            <subfield code="a">Barreras percibidas hacia la práctica de actividad física: un estudio de caso instrumental en poblaciones desfavorecidas</subfield>
        </datafield>
        <datafield tag="260" ind1=" " ind2=" ">
            <subfield code="a">Zaragoza</subfield>
            <subfield code="b">Universidad de Zaragoza</subfield>
            <subfield code="c">2017</subfield>
        </datafield>
        <datafield tag="500" ind1=" " ind2=" ">
            <subfield code="a">Resumen disponible también en inglés</subfield>
        </datafield>
        <datafield tag="506" ind1=" " ind2=" ">
            <subfield code="a">by-nc-sa</subfield>
            <subfield code="b">Creative Commons</subfield>
            <subfield code="c">3.0</subfield>
            <subfield code="u">http://creativecommons.org/licenses/by-nc-sa/3.0/</subfield>
        </datafield>
        <datafield tag="520" ind1=" " ind2=" ">
            <subfield code="a">El sedentarismo y la inactividad física es una de las problemáticas actuales en la sociedad, estando más acentuado en las poblaciones desfavorecidas. El caso analizado en el presente estudio está formado por 11 informantes del barrio del Perpetuo Socorro (Huesca) pertenecientes a poblaciones desfavorecidas, 5 de ellas de etnia gitana. A partir de las preguntas de investigación se concreta el objetivo del estudio: analizar e interpretar las barreras percibidas por las mujeres pertenecientes a una población desfavorecida a la hora de practicar AF en su vida cotidiana. Se recogieron los datos a través de entrevistas, grupos de discusión y diario de campo, se transcribieron y se analizaron los datos mediante el software NVivo. Los resultados del estudio mostraron que las participantes perciben numerosas barreras a la hora de practicar actividad física, agrupadas en tres categorías principales: sociales, ambientales y personales. Entre todas, la barrera familiar fue la común y más habitual, además de las económicas, de enfermedad, las características psicológicas y la percepción del entorno percibidas. Se encuentran diferencias entre dos subgrupos del caso, las barreras culturales, de limitaciones físicas, de ausencia de compañía y de climatología sólo percibidas por el subrupo de etnia gitana y, las barreras laborales únicamente percibidas por las no pertenecientes a la etnia gitana. Por tanto, será necesario implementar en el futuro programas eficaces adaptados a evitar o eliminar dichas barreras para conseguir un aumento de práctica de actividad física en este colectivo.</subfield>
        </datafield>
        <datafield tag="521" ind1=" " ind2=" ">
            <subfield code="a">Máster Universitario en Aprendizaje a lo largo de la vida en contextos multiculturales</subfield>
        </datafield>
        <datafield tag="540" ind1=" " ind2=" ">
            <subfield code="a">Derechos regulados por licencia Creative Commons</subfield>
        </datafield>
        <datafield tag="700" ind1=" " ind2=" ">
            <subfield code="a">García González, Luis</subfield>
            <subfield code="e">dir.</subfield>
        </datafield>
        <datafield tag="710" ind1="2" ind2=" ">
            <subfield code="a">Universidad de Zaragoza</subfield>
            <subfield code="b">Expresión Musical, Plástica y Corporal</subfield>
            <subfield code="c">Didáctica de la Expresión Corporal</subfield>
        </datafield>
        <datafield tag="856" ind1="0" ind2=" ">
            <subfield code="f">631073@celes.unizar.es</subfield>
        </datafield>
        <datafield tag="856" ind1="4" ind2=" ">
            <subfield code="s">1045215</subfield>
            <subfield code="u">http://zaguan.unizar.es/record/64581/files/TAZ-TFM-2017-1437.pdf</subfield>
            <subfield code="y">Memoria (spa)</subfield>
        </datafield>
        <datafield tag="909" ind1="C" ind2="O">
            <subfield code="o">oai:zaguan.unizar.es:64581</subfield>
            <subfield code="p">driver</subfield>
            <subfield code="p">trabajos-fin-master</subfield>
        </datafield>
        <datafield tag="950" ind1=" " ind2=" ">
            <subfield code="a"></subfield>
        </datafield>
        <datafield tag="951" ind1=" " ind2=" ">
            <subfield code="a">deposita:2018-02-07</subfield>
        </datafield>
        <datafield tag="980" ind1=" " ind2=" ">
            <subfield code="a">TAZ</subfield>
            <subfield code="b">TFM</subfield>
            <subfield code="c">FEDU</subfield>
        </datafield>
        <datafield tag="999" ind1=" " ind2=" ">
            <subfield code="a">20171211221742.CREATION_DATE</subfield>
        </datafield>
    </record>

    
</collection>